00533nam a22001937a 4500003001100000005001700011008004100028020001500069040003900084041000800123082001600131100002100147245003200168260003900200300004300239650002000282700001600302700002100318LK-CoMWRAF20231115124930.0231014b1983 |||||||| |||| 00| 0 eng d a0673153630 aLK-CoMWRAFdLK-CoMWRAFeLK-CoMWRAF aeng a808.51bPAT aPatton, Bobby R. aResponsible public speaking aGlenview: bScott Foresman, c1983 a246 p. : ill. ; 24 cm.bIndex included aPUBLIC SPEAKING aGiffin, Kim aLinkugel, Wil A.